<?xml version="1.0" encoding="UTF-8"?>
<marc:record xmlns:marc="http://www.loc.gov/MARC21/slim">
   <marc:leader>00000nam a2200000 a 4500</marc:leader>
   <marc:datafield ind1="1" ind2=" " tag="100">
      <marc:subfield code="a">Seiler, Lutz</marc:subfield>
      <marc:subfield code="4">aut</marc:subfield>
      <marc:subfield code="e">Verfasser/-in</marc:subfield>
   </marc:datafield>
   <marc:datafield ind1=" " ind2=" " tag="653">
      <marc:subfield code="a">Insel</marc:subfield>
   </marc:datafield>
   <marc:datafield ind1=" " ind2=" " tag="653">
      <marc:subfield code="a">Freundschaft</marc:subfield>
   </marc:datafield>
   <marc:datafield ind1=" " ind2=" " tag="653">
      <marc:subfield code="a">Abenteuer</marc:subfield>
   </marc:datafield>
   <marc:datafield ind1="0" ind2="0" tag="245">
      <marc:subfield code="a">Kruso</marc:subfield>
   </marc:datafield>
   <marc:datafield ind1="0" ind2="0" tag="245">
      <marc:subfield code="b">Roman</marc:subfield>
   </marc:datafield>
   <marc:datafield ind1="0" ind2="0" tag="245">
      <marc:subfield code="c">Lutz Seiler</marc:subfield>
   </marc:datafield>
   <marc:datafield ind1=" " ind2="1" tag="264">
      <marc:subfield code="a">Frankfurt am Main</marc:subfield>
      <marc:subfield code="b">Suhrkamp</marc:subfield>
      <marc:subfield code="c">2014</marc:subfield>
   </marc:datafield>
   <marc:datafield ind1=" " ind2=" " tag="250">
      <marc:subfield code="a">5. Aufl.</marc:subfield>
   </marc:datafield>
   <marc:datafield ind1="1" ind2=" " tag="520">
      <marc:subfield code="a">Als das Unglück geschieht, flieht Edgar Bendler aus seinem Leben. Er wird Abwäscher auf Hiddensee, jener legendenumwogten Insel, die, wie es heißt, schon außerhalb der Zeit und »jenseits der Nachrichten« liegt. Im Abwasch des Klausners, einer Kneipe hoch über dem Meer, lernt Ed Alexander Krusowitsch kennen - Kruso. Eine schwierige, zärtliche Freundschaft beginnt. Von Kruso, dem Meister und Inselpaten, wird Ed eingeweiht in die Rituale der Saisonarbeiter und die Gesetze ihrer Nächte, in denen Ed seine sexuelle Initiation erlebt. Geheimer Motor dieser Gemeinschaft ist Krusos Utopie, die verspricht, jeden Schiffbrüchigen des Landes (und des Lebens) in drei Nächten zu den »Wurzeln der Freiheit« zu führen. Doch der Herbst 89 erschüttert die Insel. Am Ende steht ein Kampf auf Leben und Tod - und ein Versprechen.</marc:subfield>
   </marc:datafield>
   <marc:datafield ind1=" " ind2=" " tag="020">
      <marc:subfield code="a">9783518424476</marc:subfield>
      <marc:subfield code="9">9783518424476</marc:subfield>
   </marc:datafield>
   <marc:datafield ind1=" " ind2=" " tag="020">
      <marc:subfield code="a">3518424475</marc:subfield>
      <marc:subfield code="9">3518424475</marc:subfield>
   </marc:datafield>
   <marc:datafield ind1=" " ind2=" " tag="500">
      <marc:subfield code="a">Deutscher Buchpreis 2014</marc:subfield>
   </marc:datafield>
   <marc:datafield ind1=" " ind2=" " tag="300">
      <marc:subfield code="a">475 S.</marc:subfield>
   </marc:datafield>
</marc:record>
